| 000 | 01099ngm a2200325 a 4500 | ||
|---|---|---|---|
| 003 | BLK | ||
| 005 | 20240610162204.0 | ||
| 008 | 180410b bul||n||s|||||||| mlbulo| | ||
| 010 | _aCDD00000114000 | ||
| 040 | _aBLK | ||
| 041 |
_aDEU _cDEU |
||
| 080 |
_aХудожествени филмови жанрове _b791.221/.228 _z791.221/.228 |
||
| 245 | 1 | 0 |
_aGelegenheitsarbeit einer Sklavin [DVD видео] _cdrehbuchaut. und reg. Alexander Kluge; darst. Alexandra Kluge; darst. Bion Steinbirn; darst. Sylvia Gartmann. |
| 257 | _aDEU | ||
| 260 |
_bFilmmuseum _c2007 _g1973 _aМunchen |
||
| 300 |
_a1 DVD _bцв. _c12 см |
||
| 306 | _a87 мин. | ||
| 380 | _a7 | ||
| 700 | 1 |
_aKluge, Alexander _edrehbuchaut. und reg. _9353334 |
|
| 700 | 1 |
_aKluge, Alexandra _edarst. _9353335 |
|
| 700 | 1 |
_aSteinbirn, Bion _edarst. _925217 |
|
| 700 | 1 |
_aGartmann, Sylvia _edarst. _9353337 |
|
| 852 |
_aЦб CD 1624 _p0 |
||
| 856 | 4 |
_qpdf _u |
|
| 856 | 4 |
_qpdf _u |
|
| 942 |
_cCDD _n0 |
||
| 944 |
_aCR _c22.02.2008 _k30542 _lРусанова Ирена |
||
| 944 |
_aED _c22.02.2008 _kир |
||
| 999 |
_c214860 _d214860 |
||
| 999 | _d214860 | ||